<?xml version="1.0" encoding="UTF-8"?>
<marc:record xmlns:marc="http://www.loc.gov/MARC21/slim">
   <marc:leader>00000nam a2200000 a 4500</marc:leader>
   <marc:datafield ind1="1" ind2=" " tag="100">
      <marc:subfield code="a">LASKY, Kathryn</marc:subfield>
      <marc:subfield code="4">aut</marc:subfield>
      <marc:subfield code="e">Verfasser/-in</marc:subfield>
   </marc:datafield>
   <marc:datafield ind1=" " ind2=" " tag="653">
      <marc:subfield code="a">Eule</marc:subfield>
   </marc:datafield>
   <marc:datafield ind1=" " ind2=" " tag="653">
      <marc:subfield code="a">CD</marc:subfield>
   </marc:datafield>
   <marc:datafield ind1=" " ind2=" " tag="653">
      <marc:subfield code="a">Kinder CD</marc:subfield>
   </marc:datafield>
   <marc:datafield ind1=" " ind2=" " tag="653">
      <marc:subfield code="a">Clan</marc:subfield>
   </marc:datafield>
   <marc:datafield ind1="0" ind2="0" tag="245">
      <marc:subfield code="a">Das Vermächtnis</marc:subfield>
   </marc:datafield>
   <marc:datafield ind1="0" ind2="0" tag="245">
      <marc:subfield code="c">Kathryn LASKY</marc:subfield>
   </marc:datafield>
   <marc:datafield ind1=" " ind2="1" tag="264">
      <marc:subfield code="c">2013</marc:subfield>
   </marc:datafield>
   <marc:datafield ind1=" " ind2=" " tag="250">
      <marc:subfield code="a">Autorisierte Audiofassung</marc:subfield>
   </marc:datafield>
   <marc:datafield ind1="1" ind2=" " tag="520">
      <marc:subfield code="a">Die Vergangenheit holt den großen Baum von Ga'Hoole ein: Eine alte Fehde bedroht seine Existenz. Der sterbende Ezylryb bittet Soren und den neuen König Coryn, die Legenden von Ga'Hoole zu lesen, um ihre Geschichte besser zu verstehen und daraus zu lernen. Denn Unwissenheit sei die Quelle allen Übels. Als die beiden Eulen damit beginnen, das alte Buch zu studieren, offenbart sich ihnen eine Welt voller Magie und Verrat, in der ein junger König darum kämpft, den Frieden zu bewahren. Zur gleichen Zeit untersucht ihr engster Vertrauter und Verbündeter Grank Glut und Flammen in den Hinterlanden. Doch als ihn ein verzweifelter Hilferuf seines Königs erreicht, eilt Grank zu seinen edelmütigen Freunden nach Ga'Hoole.</marc:subfield>
   </marc:datafield>
   <marc:datafield ind1="0" ind2=" " tag="490">
      <marc:subfield code="v">CD 2.</marc:subfield>
   </marc:datafield>
   <marc:datafield ind1=" " ind2=" " tag="300">
      <marc:subfield code="a">71:21 Min.</marc:subfield>
   </marc:datafield>
</marc:record>
